Griechische Mythen Charakter - Statistiken

Allgemein
  • Dieses Quiz wurde 98 mal gespielt
  • Das Durchschnittsergebnis liegt bei 4 aus 6
Answers on the Grid
Answers color-coded by a green-red scale on the quiz's grid according to % correct below.
Odyseus
Percy
Perseus
Medusa
Zeus
Piseudon
Helene
Kreta
Athen
Spata
Junge
Mama
Helena
Europa
Didi
Krapote
Stier
 
Antwortstatistiken
Antwort % Korrekt
Zeus
73%
Medusa
60%
Helena
59%
Odyseus
57%
Europa
56%
Perseus
56%
Keine übereinstimmenden Quizze gefunden
Verteilung der Resultate
Anzahl Personen mit jedem Resultat
Perzentil nach korrekt beantworteten Fragen
Ihre Resultats-Entwicklung
Sie haben dieses Quiz noch nicht gespielt